| 000 | 00582 a2200169 4500 | ||
|---|---|---|---|
| 010 | _aENG-141471 | ||
| 020 |
_a9788123420141 _c110.00 |
||
| 035 | _aEN-125003 | ||
| 037 | _bDBAD | ||
| 082 | 1 | 4 |
_a158.1 _2First |
| 100 |
_aKavidasan _970609 |
||
| 245 | 1 |
_aEmotional Intelligence Among Executives/ _cedited by Kavidasan |
|
| 260 |
_aChennai _bNew Century Book House (P) Ltd _c2011 |
||
| 270 |
_a41-B, Sidco Industrial Estate ,Ambattur _bTamilnadu _e600098 _mncbhbook@yahoo.co.in _k26359906 |
||
| 300 |
_a158p.: _c21cm(Pb) |
||
| 942 |
_adpl _cEN _2ddc _h158.1 _mKAV _eFirst |
||
| 999 |
_c205317 _d205317 |
||